000 00391nam a2200157Ia 4500
008 230711s9999||||xx |||||||||||||| ||und||
041 _aENG
082 _a726.109
_bRI-T
100 _aDev, Rishi
245 4 _aThe Ekistics of animal and human conflict
250 _a1st Ed.
260 _c2014
_aGhaziabad
_bCopal Publishing Group
300 _a597p.
650 _aArchitecture
942 _cBK
999 _c6056
_d6056